000 00554nam a22001817a 4500
005 20260420114357.0
008 260420b |||||||| |||| 00| 0 eng d
020 _a9781285852683
050 _aQA 76.9 .C65 B45 2015
_bC.1
100 _aBeisse, Fred
245 _aA Guide to Computer User Support for Help Desk & Support Specialists
250 _aSixth Edition
260 _aBoston, MA
_bCengage Learning
_c2015
300 _axx, 684p.:ill.
500 _aIncludes index
650 _a1. Computer technical support. 2. Help desk.
942 _2lcc
_cBK
999 _c217015
_d217015